000 00559nam a2200181 i 4500
001 43034
003 ES-MaACL
005 20230906160724.0
007 t|
008 030314s1972 sp ||||1| spa d
100 1 _aCastro, Josué de.
_936869
245 1 0 _aGeopolítica del hambre /
_cJosué de Castro ; [lo tradujo... Fabián García-Prieto Buendía].
260 _aMadrid :
_bGuadarrama,
_c[1972]
300 _a2 v. ;
_c18 cm.
650 0 4 _aHambre.
_913292
700 1 _aGarcía-Prieto Buendía, Fabián.
_955117
852 _aES-MaACL
_jC-52697-8
_bR.83333
999 _c43034
_d43034